Встати, суд іде! (Запис № 375054)

МАРК-запис
000 -Лідер
fixed length control field 00631nam a22002417a 4500
003 - Ідентифікатор контрольного номера
control field UA-OsUOA
001 - Контрольний номер
control field 88777
007 - Фіксоване поле фізичного опису
fixed length control field ta
008 - Елементи даних фіксованої довжини – загальна інформація
fixed length control field 20121017b un ||||| |||| 00| 0 ukr d
090 ## - Локальний шифр розміщення
Класифікаційний індекс УДК 821.161.2
Авторський знак (НП) Г37
040 ## - Джерело каталогізації
Агенція оригінальної каталогізації UA-OsUOA
Мова каталогізації ukr
Агенція, яка здійснювала перезапис UA-OsUOA
Агенція, яка здійснювала модифікацію UA-OsUOA
041 ## - Код мови
Код мови тексту/ звукової доріжки чи окремого заголовка (П) ukr
080 ## - Індекс Універсальної десяткової класифікації
Індекс Універсальної десяткової класифікації (УДК) (НП) 821.161.2
020 ## - Міжнародний стандартний книжковий номер (ISBN)
Міжнародний стандартний книжковий номер (ISBN) (НП) 5-7720-0053-5
100 ## - Основне введення – ім’я особи
Ім’я особи (НП) Герасимчук Д.
245 ## - Відомості про назву
Назва (НП) Встати, суд іде!
Решта назви (НП) повісті
260 ## - Публікація, розповсюдження і т.п. (Вихідні дані)
Місце публікації, розповсюдження і т.п. (П) К.
Ім’я/ наймення видавництва, розповсюджувача і т.п. (П) Молодь
Дата публікації, розповсюдження і т.п. (П) 1988
300 ## - Фізичний опис
Обсяг 128 с.
650 #7 - Додаткове предметне введення – тематичний термін
Тематичний термін чи географічна назва, як елемент введення (НП) 82 Література. Літературознавство
Джерело заголовка чи терміна UDC
942 ## - Додаткові елементи входу (Коха)
Тип елемента Koha Книги
955 ## - Код типу видання за змістом
Код типу видання за змістом (НП) Літературно-художні видання
Фонди
Стан вилучень Стан втрат Джерело класифікації або схеми стелажів Стан уражень Не для кредиту Постійне місце розташування Поточне розміщення Дата придбання Інвентарний номер Усього замовленно Повний номер виклику Штрих-код Дата останнього перегляду Ціна ефективна від Тип елемента Koha
    Universal Decimal Classification     АБ - Абонемент НБ АБ - Абонемент НБ 18/10/2012 43215   821.161.2 Г37 43215 14/03/2022 17/10/2012 Книги
    Universal Decimal Classification     АБ - Абонемент НБ АБ - Абонемент НБ 18/10/2012 44526   821.161.2 Г37 44526 14/03/2022 17/10/2012 Книги
    Universal Decimal Classification     АБ - Абонемент НБ АБ - Абонемент НБ 17/10/2012 55891   821.161.2 Г37 55891 14/03/2022 17/10/2012 Книги